The work of culture : symbolic transformation in psychoanalysis and anthropology
Saved in:
| Main Author: | |
|---|---|
| Format: | Book |
| Language: | English |
| Published: |
Chicago :
The University of Chicago Press,
1990
|
| Series: | Lewis Henry Morgan lectures = 1982
|
| Subjects: | |
| Tags: |
Add Tag
No Tags, Be the first to tag this record!
|
MARC
| LEADER | 00000nam a2200000 i 4500 | ||
|---|---|---|---|
| 001 | 1/5520 | ||
| 008 | 960610s1990 eng d | ||
| 020 | |a 0-226-61599-5 | ||
| 035 | |l 10016032 | ||
| 040 | |a GR-MY-UA |b gre |e aacr | ||
| 041 | 0 | |a eng | |
| 082 | 0 | |a 306 | |
| 100 | 1 | |a Obeyesekere, Gananath. | |
| 245 | 1 | 4 | |a The work of culture : |b symbolic transformation in psychoanalysis and anthropology / |c Gananath Obeyesekere |
| 260 | |a Chicago : |b The University of Chicago Press, |c 1990 | ||
| 300 | |a 354 p. | ||
| 490 | 1 | |a Lewis Henry Morgan lectures |v ; 1982 | |
| 504 | |a Includes index and bibliographical references | ||
| 650 | 0 | 0 | |a Psychoanalysis and culture |z Sri Lanka. |
| 650 | 0 | 0 | |a Symbolism (Psychology) |x Case studies. |
| 650 | 0 | 0 | |a Buddhism |x Psychology |x Case studies. |
| 650 | 0 | 0 | |a Hinduism |x Psychology |x Case studies. |
| 650 | 0 | 0 | |a Sinhalese (Sri Lankan people) |x Psychology |x Case studies. |
| 830 | 0 | |a Lewis Henry Morgan lectures = 1982 | |
| 852 | |a INST |b LESVOS |e 19960610 |h 306 OBE |p 005100010039 |q 005100010039 |t BK |y 0 | ||
| 909 | |a Λ |b 020108 | ||